LEADER 01004nam a2200205 i 4500 001 000000194382 003 CaOOAMICUS 005 20101112000000.0 008 101112s1964 it u000 u ita u 013 $a173033 040 $aSeMil$bita 100 1 $aCasetta, Gemma.$0(OLS)http://semarc/name/70628 245 13$aIl Servo di Dio don Carlo Steeb :$bfondatore dell'Istituto Sorelle della Misericordia di Verona /$cGemma Casetta. 260 $a[Cittą del Vaticano] :$bTipografia Poliglotta Vaticana,$c1964. 300 $aXVI, 683 p., [71] p. di tav. ;$c25 cm. 600 14$aSteeb, Carlo,$c.$0(OLS)http://semarc/subject/23772 850 $aSeMil 852 $aSeMil$W1$xVenegono$y1$m3J V 153$j144956$B144956$CSeMilBibl$Z2$F156381 $81 996 $6245$aIl Servo di Dio don Carlo Steeb :$bfondatore dell'Istituto Sorelle della Misericordia di Verona$9(OLS)http://semarc/title/280267 996 $6260$a[Cittą del Vaticano] :$bTipografia Poliglotta Vaticana$9(OLS)http://semarc/publisher/32047 LEADER 00834nam a2200217 i 4500 001 000000038135 003 CaOOAMICUS 005 20121217000000.0 008 121217s1972 it u000 u ita u 013 $a8540 040 $aSeMil$bita 100 1 $aMazzolari, Primo,$d<1890-1959>.$0(OLS)http://semarc/name/3525 245 10$aLettere a Vescovi /$cPrimo Mazzolari. 260 $aVicenza :$bLa Locusta,$cstampa 1972. 300 $a53 p. ;$c18 cm. 650 4$aMazzolari, Primo - Lettere e carteggi.$0(OLS)http://semarc/subject/7706 850 $aSeMil 852 $aSeMil$W1$xVenegono$y1$m2L I 313$j4290$B4290$CSeMilBibl$Z2$F4290 $81 961 $aOmaggio: Donazione 996 $6245$aLettere a Vescovi$9(OLS)http://semarc/title/53712 996 $6260$aVicenza :$bLa Locusta$9(OLS)http://semarc/publisher/31451